000 00512nam a2200181Ia 4500
001 20253
005 20260306172752.0
008 260306t2010||||xx |||||||||||||| ||spa||
041 _aESP
082 _a343.07
_bG12
100 _aCanales Cama, Carolina
_eAUT
245 0 _aLos derechos fundamentales:
_bestudio de los derechos constitucionales desde las diversas especiales del Derecho
260 _c2010
300 _a622 páginas :
_c25 cm.
650 _aGEN
654 _aCDE
942 _cLIB
_dJUS
_fJUS
_2ddc
_n
999 _c20253
_d20253